000 03328cam a22005774i 4500
003 PE-LiUPU
005 20250731184515.0
008 170202s2013 ag r 000 0 spa d
020 _a9877011204
020 _a9789877011203
035 _a(Sirsi) a166711
040 _aPE-LiUPU
_bspa
_cPE-LiUPU
_erda
049 _aPRUA
050 _aBX6146
_b.T33 2013
082 0 4 _a248.5
_bT11
_220
082 0 4 _a286.7325
_bCC
_2014
100 1 _aTabuenca, Pedro Daniel,
_eautor.
245 1 0 _aSalvados para servir /
_ Pedro Daniel Tabuenca.
250 _aPrimera edición.
264 1 _aFlorida :
_bAsociación Casa Editora Sudamericana,
_c2013.
300 _a216 páginas :
_bilustraciones ;
_c21 centímetros
336 _atext
_2rdacontent
337 _aunmediated
_2rdamedia
338 _avolume
_2rdacarrier
505 0 _aMis raíces -- Los descubrimientos de Pedro -- Hijos de misioneros viajeros -- Hora de desiciones -- Todavía ocurren milagros -- Colportaje, amor y bicicleta -- Estudiante universitario, pero muy pobre -- Estudiante de medicina, ¿y casado? -- Llamado a servir en el sanatorio Adventista de Plata -- Tristezas y alegrías en el aprendizaje -- Viaje de estudio a los Estados Unidos -- A la Clínica Belgrno y a Alemania, ida y vuelta -- Una escuela diferente -- Biblioterapia -- De colegio a universidad -- ¿Sí o no? -- Sorpresas y bendiciones -- Viviendo para servir -- Lo que aprendí y enseñe -- El origen del mal, el dolor, la enfermedad y la muerte -- La respuesta divina al problema del pecado -- El médico divino -- Estilo de vida y salud -- Educación sexual cristiana -- El peligro de las paramedicinas -- La gran restauración final de todas las cosas.
526 _aP136
526 _aP135
526 _aP134
526 _aP133
526 _aP144
526 _aP143
526 _aP87
526 _aP35
526 _aP20
526 _aP14
526 _aP10
526 _aP06
541 _g0800-0000074;
650 0 4 _aAutobiografía.
910 _ajck
_bncf
_cncf
_d20170202
596 _a1 4
942 _2ddc
_cBOOK
999 _a920 T11
_wDEWEY
_c15448
_i75347
_f2021-11-11
_g5
_lCCODEBUL1
_mBUL
_p7.02
_r0
_sY
_tBOOK
_u2017-2-2
_xTEOLOGIA
_PP35
_0COMPRA
_o.STAFF. Colección Teologia
_d15448
999 _a920 T11
_wDEWEY
_c2
_i75348
_f2021-11-11
_g5
_lCCODEBUL1
_mBUL
_p7.02
_r0
_sY
_tBOOK
_u2017-2-2
_xTEOLOGIA
_PP35
_0COMPRA
_o.STAFF. Colección Teologia
999 _a920 T11
_wDEWEY
_c3
_i75349
_f2021-11-11
_g5
_lCCODEBUL1
_mBUL
_p7.02
_r0
_sY
_tBOOK
_u2017-2-2
_xTEOLOGIA
_PP35
_0COMPRA
_o.STAFF. Colección Teologia
999 _a248.5 T11 2013
_wDEWEY
_c1
_iCW00276
_lCCODECWL1
_mBWL
_p8.00
_r1
_sY
_tBOOK
_u2017-3-23
_xWHITE
_zUNKNOWN
_0COMPRA
_o.STAFF. Centro White
999 _a248.5 T11 2013
_wDEWEY
_c2
_iCW00277
_f2021-12-22
_g4
_lCCODECWL1
_mBWL
_p8.00
_r1
_sY
_tBOOK
_u2017-3-23
_xWHITE
_zUNKNOWN
_0COMPRA
_o.STAFF. Centro White
999 _a248.5 T11 2013
_wDEWEY
_c3
_iCW00340
_f2021-12-22
_g2
_lCCODECWL1
_mBWL
_p8.00
_r1
_sY
_tBOOK
_u2017-4-20
_xWHITE
_zUNKNOWN
_0COMPRA
_o.STAFF. Centro White
999 _a248.5 T11 2013
_wDEWEY
_c4
_iCW00339
_f2021-12-22
_g2
_lCCODECWL1
_mBWL
_p8.00
_r1
_sY
_tBOOK
_u2017-4-20
_xWHITE
_zUNKNOWN
_0COMPRA
_o.STAFF. Centro White
980 _81
_gALBERTO SANCHEZ Responsable de Automatización